Le Profezione della Santa Sindone L'ultimo incendio annuncia l'anticristo?

Uloženo v:
Podrobná bibliografie
Hlavní autor: Renzo Barbera
Médium: Kniha
Jazyk:neznámý jazyk
Vydáno: Casa Editrice Meb
Tagy: Přidat tag
Žádné tagy, Buďte první, kdo vytvoří štítek k tomuto záznamu!

MARC

LEADER 00000nam a2200000Ia 4500
001 R-80
003 CODICE-MESSINA
005 20260212102446.0
008 260211s9999 xx 000 0 und d
040 |c importazione_messina 
100 |a Renzo Barbera 
245 0 |a Le Profezione della Santa Sindone 
245 0 |b L'ultimo incendio annuncia l'anticristo? 
260 |b Casa Editrice Meb 
942 |2 ddc  |c BK 
952 |0 0  |1 0  |2 ddc  |4 0  |6 SCAFFALE_1_000000000000000__RELIGIONE  |7 0  |9 30897  |a ME  |b ME  |d 2026-02-11  |l 0  |o SCAFFALE 1 - RELIGIONE  |p R-80  |r 2026-02-11 23:52:12  |w 2026-02-11  |x [REVISIONARE]  |y BK 
999 |c 26561  |d 26561